000 01248cam a22003614a 4500
001 12483202
003 OSt
005 20260313124556.0
008 010726s2001 miu 001 0 eng
010 _a 2001045575
020 _a0310221536
_qalk. paper
020 _a9780310221531
_q(alk. paper)
035 _a12483202
040 _aDLC
_cDLC
_dDLC
042 _apcc
050 0 0 _aBV4598.2
_b.C57 2001
082 0 0 _a248.2
_221
100 1 _aCloud, Henry.
245 1 0 _aHow people grow :
_bwhat the Bible reveals about personal growth /
_cHenry Cloud, John Townsend.
260 _aGrand Rapids, Mich. :
_bZondervan,
_cc2001.
300 _a366 p. ;
_c24 cm.
336 _atext
_btxt
_2rdacontent
337 _aunmediated
_bn
_2rdamedia
338 _avolume
_bnc
_2rdacarrier
500 _aIncludes index.
650 0 _aSelf-actualization (Psychology)
_xReligious aspects
_xChristianity.
650 0 _aChristian life
_xBiblical teaching.
700 1 _aTownsend, John Sims,
_d1952-
906 _a7
_bcbc
_corignew
_d1
_eocip
_f20
_gy-gencatlg
942 _2lcc
_cBK
999 _c21384
_d21383